Inheritance (Record no. 350238)

000 -LEADER
fixed length control field 00429nam a22001937a 4500
003 - CONTROL NUMBER IDENTIFIER
control field OSt
005 - DATE AND TIME OF LATEST TRANSACTION
control field 20180116183010.0
008 - FIXED-LENGTH DATA ELEMENTS--GENERAL INFORMATION
fixed length control field 150901b xxu||||| |||| 00| 0 eng d
020 ## - INTERNATIONAL STANDARD BOOK NUMBER
International Standard Book Number 0
040 ## - CATALOGING SOURCE
Transcribing agency 0
082 ## - DEWEY DECIMAL CLASSIFICATION NUMBER
Classification number 813.54 MIC 1989
100 ## - MAIN ENTRY--PERSONAL NAME
Personal name Judith Michael
245 ## - TITLE STATEMENT
Title Inheritance
260 ## - PUBLICATION, DISTRIBUTION, ETC.
Name of publisher, distributor, etc. Pockt Books
Date of publication, distribution, etc. 1989
300 ## - PHYSICAL DESCRIPTION
Extent 695 P
Other physical details PB
440 ## - SERIES STATEMENT/ADDED ENTRY--TITLE
Title Judith Michael
700 ## - ADDED ENTRY--PERSONAL NAME
Personal name Judith Michael
942 ## - ADDED ENTRY ELEMENTS (KOHA)
Source of classification or shelving scheme
Koha item type Book
Holdings
Withdrawn status Lost status Source of classification or shelving scheme Damaged status Not for loan Collection code Permanent Location Current Location Shelving location Date acquired Total Checkouts Full call number Barcode Date last seen Price effective from Koha item type
            Central Library (CL) Central Library (CL) Fiction 09/01/2015   813.54 MIC 1989 NBSD-2056 05/24/2016 09/01/2015 Book
© 2023 Central Library, National University of Sciences and Technology. All Rights Reserved.